| 000 | 00639nam a22001817a 4500 | ||
|---|---|---|---|
| 005 | 20170222160641.0 | ||
| 008 | 170222b2014 ck bdo||r|||| 00| 0 spa d | ||
| 020 | _a9789588848853 | ||
| 040 |
_aCO-BoIAVH _cCO-BoIAVH |
||
| 041 | _aspa | ||
| 082 | 1 |
_a551.490223 _bA88a |
|
| 245 | 0 | 0 | _aAtlas hidrogeológico de El Bajo Cauca Antioqueño |
| 260 |
_aMedellín: _bMinisterio de Ambiente y Desarrollo sostenible; _bCorantioquia; _bUniversidad de Antioquia, _c20140. |
||
| 300 |
_a103 p. _bmapas, fotografías a color |
||
| 650 | 0 |
_aHidrología _vatlases _zAntioquia |
|
| 650 | 0 |
_aGeología _vatlases _zAntioquia |
|
| 942 |
_2ddc _cLIBRO |
||
| 999 |
_c19350 _d19350 |
||